Where do these car manufactures originate? - Statistics

General Stats
  • This quiz has been taken 63 times
    40 since last reset
  • The average score is 37 of 46
Answer Stats
Make Country % Correct
Honda Japan
96%
Aston martin United Kingdom
96%
Dodge United States
96%
Ford United States
96%
Citroen France
93%
Audi Germany
93%
BMW Germany
93%
Mercedes Germany
93%
Porsche Germany
93%
Ferrari Italy
93%
Nissan Japan
93%
Toyota Japan
93%
Chevrolet United States
93%
Tesla United States
93%
Renault France
89%
Mazda Japan
89%
Hyundai South Korea
89%
Jaguar United Kingdom
89%
Land rover United Kingdom
89%
Rolls Royce United Kingdom
89%
Hummer United States
89%
Lincoln United States
89%
Subaru Japan
86%
Lotus United Kingdom
86%
Fiat Italy
82%
Pagani Italy
82%
Kia South Korea
82%
Buick United States
82%
Pontiac United States
79%
Alpine France
75%
Infiniti Japan
75%
Lada Russia
75%
Koenisegg Sweden
75%
Volvo Sweden
75%
Morgan United Kingdom
71%
Opel Germany
68%
Smart Germany
68%
Lancia Italy
68%
Seat Spain
68%
Skoda Czech Republic
64%
Holden Australia
61%
TVR United Kingdom
61%
Dacia Romania
57%
Rimac Croatia
50%
KTM Austria
46%
Zenvo Denmark
46%
No matching quizzes found
Score Distribution
Percent of People with Each Score
Percentile by Number Answered
Your Score History
You have not taken this quiz since the last reset